GETS Theological Seminary Library

Samaritan documents: (Record no. 32931)

MARC details
000 -LEADER
fixed length control field 00600nam a2200193Ia 4500
008 - FIXED-LENGTH DATA ELEMENTS--GENERAL INFORMATION
fixed length control field 201221s9999||||xx |||||||||||||| ||und||
020 ## - INTERNATIONAL STANDARD BOOK NUMBER
International Standard Book Number 0915138271
020 ## - INTERNATIONAL STANDARD BOOK NUMBER
International Standard Book Number 9780915138272
041 ## - LANGUAGE CODE
Language code of text/sound track or separate title eng
050 ## - LIBRARY OF CONGRESS CALL NUMBER
Classification number BM917
Item number .B68 1977
245 #0 - TITLE STATEMENT
Title Samaritan documents:
Remainder of title relating to their history, religion, and life /
Statement of responsibility, etc. translated and edited by John Bowman
260 ## - PUBLICATION, DISTRIBUTION, ETC.
Place of publication, distribution, etc. Pittsburgh : 
Name of publisher, distributor, etc. Pickwick Press,
Date of publication, distribution, etc. 1977
300 ## - PHYSICAL DESCRIPTION
Extent vii, 370 p.
Other physical details ;
Dimensions 22 cm.
650 ## - SUBJECT ADDED ENTRY--TOPICAL TERM
Topical term or geographic name entry element Samaria.
650 ## - SUBJECT ADDED ENTRY--TOPICAL TERM
Topical term or geographic name entry element Samaritains -- Sources.
650 ## - SUBJECT ADDED ENTRY--TOPICAL TERM
Topical term or geographic name entry element Samaritans -- History -- Sources.
700 ## - ADDED ENTRY--PERSONAL NAME
Personal name Bowman, John
Holdings
Withdrawn status Lost status Damaged status Not for loan Home library Current library Shelving location Date acquired Total Checkouts Full call number Barcode Date last seen Price effective from Koha item type
        GETS Theological Seminary Library GETS Theological Seminary Library General Stacks 12/21/2020   BM917 .B68 1977 00020714 12/21/2020 12/21/2020 English Books
OpacCredits

Contact the Librarian, GETS Library
Email: library@mygets.org









Implemented by GETS Library
(Powered by ETCA Professional Group)
GETS Theological Seminary
412 E. Rowland Street, CA 91723